Children's television policy: (Record no. 112569)
[ view plain ]
| 000 -LEADER | |
|---|---|
| fixed length control field | 00479cam a2200145 4500 |
| 008 - FIXED-LENGTH DATA ELEMENTS--GENERAL INFORMATION | |
| fixed length control field | 090126n 000 0 eng u |
| 035 ## - SYSTEM CONTROL NUMBER | |
| System control number | (Sirsi) a163800 |
| 050 ## - LIBRARY OF CONGRESS CALL NUMBER | |
| Classification number | PN 1992.8 C46 CHI 1999 |
| 245 ## - TITLE STATEMENT | |
| Title | Children's television policy: |
| Remainder of title | international prospectives No. 93 |
| 260 ## - PUBLICATION, DISTRIBUTION, ETC. | |
| Place of publication, distribution, etc. | Queensland: |
| Name of publisher, distributor, etc. | Media international Austrlia, culture and policy, |
| Date of publication, distribution, etc. | 1999 |
| 300 ## - PHYSICAL DESCRIPTION | |
| Extent | 208p . : |
| Other physical details | ill. |
| 650 ## - SUBJECT ADDED ENTRY--TOPICAL TERM | |
| Topical term or geographic name entry element | Children's Television |
| 700 ## - ADDED ENTRY--PERSONAL NAME | |
| Personal name | Keys, Wendy |
| 710 ## - ADDED ENTRY--CORPORATE NAME | |
| Corporate name or jurisdiction name as entry element | Buchingham, David |
No items available.